|
|
|
|
| LEADER |
03220nam a22004093i 4500 |
| 001 |
EBC6927309 |
| 003 |
MiAaPQ |
| 005 |
20231204023222.0 |
| 006 |
m o d | |
| 007 |
cr cnu|||||||| |
| 008 |
231204s2022 xx o ||||0 eng d |
| 020 |
|
|
|a 9789811697975
|q (electronic bk.)
|
| 020 |
|
|
|z 9789811697968
|
| 035 |
|
|
|a (MiAaPQ)EBC6927309
|
| 035 |
|
|
|a (Au-PeEL)EBL6927309
|
| 035 |
|
|
|a (OCoLC)1311313555
|
| 040 |
|
|
|a MiAaPQ
|b eng
|e rda
|e pn
|c MiAaPQ
|d MiAaPQ
|
| 050 |
|
4 |
|a HF3751-3868
|
| 100 |
1 |
|
|a Haneda, Shoko.
|
| 245 |
1 |
0 |
|a R&d Management Practices and Innovation :
|b Evidence from a Firm Survey.
|
| 250 |
|
|
|a 1st ed.
|
| 264 |
|
1 |
|a Singapore :
|b Springer Singapore Pte. Limited,
|c 2022.
|
| 264 |
|
4 |
|c ©2022.
|
| 300 |
|
|
|a 1 online resource (108 pages)
|
| 336 |
|
|
|a text
|b txt
|2 rdacontent
|
| 337 |
|
|
|a computer
|b c
|2 rdamedia
|
| 338 |
|
|
|a online resource
|b cr
|2 rdacarrier
|
| 490 |
1 |
|
|a SpringerBriefs in Economics Series
|
| 505 |
0 |
|
|a Intro -- Preface -- Contents -- About the Authors -- 1 R& -- D Management Practices and Innovation: Evidence from a Firm Survey -- 1.1 Introduction -- 1.2 Key Questions and Related Literature -- 1.2.1 Organizational Structure of R& -- D Activities -- 1.2.2 Staged Project Management -- 1.2.3 Compensation and Incentive Schemes for R& -- D Personnel -- 1.2.4 Risk Preferences and Corporate Culture -- 1.3 Methodology -- 1.3.1 Survey Design -- 1.3.2 Summary Statistics -- 1.4 R& -- D Outcomes and Inputs -- 1.4.1 R& -- D Outcomes -- 1.4.2 R& -- D Inputs: R& -- D Expenditures -- 1.4.3 R& -- D Inputs: R& -- D Personnel -- 1.5 Organizational Structure of R& -- D Activities -- 1.5.1 Centralized/Decentralized R& -- D Structure -- 1.5.2 Allocation of R& -- D Expenditure and R& -- D Personnel in Firms with a Hybrid R& -- D Structure -- 1.5.3 Initiative in Hiring R& -- D Personnel -- 1.6 R& -- D Project Management -- 1.6.1 Overview on R& -- D Projects -- 1.6.2 Staged Project Management -- 1.7 Evaluation of R& -- D Personnel -- 1.7.1 Salary Schemes for R& -- D Personnel -- 1.7.2 Performance- and Ability-Based Evaluation -- 1.7.3 Incentive Schemes for R& -- D Personnel -- 1.7.4 Incentives for Long-Term Success -- 1.8 Risk Preferences and Corporate Culture -- 1.8.1 Risk Preferences -- 1.8.2 Corporate Culture -- 1.9 Conclusion -- Appendix -- Survey of R& -- D Management Practices -- Glossary of Terms in the "Survey of R& -- D Management Practices" -- References.
|
| 588 |
|
|
|a Description based on publisher supplied metadata and other sources.
|
| 590 |
|
|
|a Electronic reproduction. Ann Arbor, Michigan : ProQuest Ebook Central, 2023. Available via World Wide Web. Access may be limited to ProQuest Ebook Central affiliated libraries.
|
| 655 |
|
4 |
|a Electronic books.
|
| 700 |
1 |
|
|a Ono, Arito.
|
| 776 |
0 |
8 |
|i Print version:
|a Haneda, Shoko
|t R&d Management Practices and Innovation: Evidence from a Firm Survey
|d Singapore : Springer Singapore Pte. Limited,c2022
|z 9789811697968
|
| 797 |
2 |
|
|a ProQuest (Firm)
|
| 830 |
|
0 |
|a SpringerBriefs in Economics Series
|
| 856 |
4 |
0 |
|u https://ebookcentral.proquest.com/lib/matrademy/detail.action?docID=6927309
|z Click to View
|